[Event "20th EUR-ch"]
[Site "Skopje MKD"]
[Date "2019.03.21"]
[Round "4"]
[White "Svane, Rasmus"]
[Black "Studer, Noel"]
[Result "1-0"]
[WhiteElo "2610"]
[BlackElo "2479"]
[EventDate "2019.03.18"]
[Board "26"]
[PlyCount "63"]

1.Nf3 d5 2.g3 Nf6 3.Bg2 e6 4.O-O c5 5.d4 cxd4 6.Nxd4 e5 7.Nf3 Nc6 8.c4 d4 
9.e3 Bg4 10.Qb3 Qc7 11.exd4 Bxf3 12.Qxf3 Nxd4 13.Qd3 h6 14.Nc3 Bc5 15.Nd5 
Nxd5 16.Bxd5 O-O 17.Bxh6 gxh6 18.Qg6+ Kh8 19.Qxh6+ Kg8 20.Qg6+ Kh8 21.Qf6+
Kg8 22.Qg6+ Kh8 23.Qf6+ Kg8 24.Rae1 Qd6 25.Qg5+ Kh8 26.Rxe5 f5 27.Qh4+ Kg7
28.Rfe1 Rf7 29.Qg5+ Kh8 30.Qh5+ Rh7 31.Re8+ Kg7 32.Qg5+ 1-0

[Event "20th EUR-ch"]
[Site "Skopje MKD"]
[Date "2019.03.21"]
[Round "4"]
[White "Janik, Igor"]
[Black "Deac, Bogdan-Daniel"]
[Result "0-1"]
[WhiteElo "2454"]
[BlackElo "2609"]
[EventDate "2019.03.18"]
[Board "27"]
[PlyCount "136"]

1.d4 Nf6 2.c4 e6 3.Nf3 d5 4.g3 dxc4 5.Bg2 Bd7 6.Ne5 Bc6 7.Nxc6 Nxc6 8.O-O 
Qd7 9.e3 Rd8 10.Qa4 Nb4 11.Qxd7+ Rxd7 12.Na3 c5 13.dxc5 Bxc5 14.Nxc4 Nd3 
15.a3 O-O 16.b4 Be7 17.Nb2 Nxc1 18.Rfxc1 b5 19.Bc6 Rd2 20.Nd1 Rb8 21.Nc3 
a6 22.Ra2 Rd6 23.Bf3 g6 24.Kf1 Rdd8 25.Ne2 e5 26.Nc3 Kf8 27.Ke2 Rd7 28.Rd1
Ra7 29.Rb2 Rc8 30.Ne4 Ne8 31.Nd2 a5 32.Bd5 axb4 33.axb4 f5 34.e4 Nd6 35.
Bb3 fxe4 36.Bd5 Nf5 37.Nxe4 Rd8 38.Ba2 Rda8 39.Bb1 Nd4+ 40.Kf1 Ra1 41.f4 
Nf5 42.Ke2 exf4 43.gxf4 R8a3 44.Rd3 Rxd3 45.Bxd3 Rh1 46.Kf3 Re1 47.Kg2 Re3
48.Nf2 Nd4 49.Ra2 Ne6 50.Ra8+ Kg7 51.Bxb5 Nxf4+ 52.Kf1 Bxb4 53.Ra7+ Kf8 
54.Ra8+ Kf7 55.Ng4 Rc3 56.Ra4 Bd6 57.Bc4+ Ke7 58.Ke1 h5 59.Nf2 Rc2 60.Bb3 
Rb2 61.Ra7+ Kd8 62.Rb7 Ng2+ 63.Kf1 Ne3+ 64.Ke1 Bxh2 65.Ne4 Bf4 66.Bd5 Rc2 
67.Be6 Bc7 68.Rb3 Ba5+ 0-1

[Event "20th EUR-ch"]
[Site "Skopje MKD"]
[Date "2019.03.21"]
[Round "4"]
[White "Thybo, Jesper Sondergaard"]
[Black "Ragger, Markus"]
[Result "1/2-1/2"]
[WhiteElo "2525"]
[BlackElo "2696"]
[EventDate "2019.03.18"]
[Board "33"]
[PlyCount "65"]

1.d4 Nf6 2.c4 g6 3.Nc3 d5 4.cxd5 Nxd5 5.e4 Nxc3 6.bxc3 Bg7 7.Be3 c5 8.Nf3 
Qa5 9.Nd2 Nd7 10.Qc2 O-O 11.Be2 cxd4 12.cxd4 Nb6 13.O-O Be6 14.Nb3 Qa4 15.
Qc7 Bc4 16.Bxc4 Nxc4 17.Qxe7 b6 18.e5 Qc6 19.Qh4 f6 20.exf6 Bxf6 21.Qh3 
Qd5 22.Rad1 Rad8 23.Nc1 Nd6 24.Nd3 Qxa2 25.d5 Nf5 26.Nf4 Rf7 27.Qf3 Qa4 
28.Ne6 Re8 29.Bg5 Be5 30.Nd8 Rff8 31.Ne6 Rf7 32.Nd8 Rff8 33.Ne6 1/2-1/2

[Event "20th EUR-ch"]
[Site "Skopje MKD"]
[Date "2019.03.21"]
[Round "4"]
[White "Grandelius, Nils"]
[Black "Keymer, Vincent"]
[Result "1-0"]
[WhiteElo "2694"]
[BlackElo "2509"]
[EventDate "2019.03.18"]
[Board "34"]
[PlyCount "57"]

1.e4 c5 2.Nf3 d6 3.d4 cxd4 4.Nxd4 Nf6 5.Nc3 a6 6.Bg5 e6 7.f4 Qb6 8.a3 Nbd7
9.Bh4 Be7 10.Bf2 Qc7 11.g4 Nc5 12.Bg2 h6 13.Qe2 g5 14.e5 dxe5 15.fxe5 Nfd7
16.Bg3 Nf8 17.Nf5 exf5 18.Nd5 Qd8 19.O-O-O Be6 20.Nf6+ Bxf6 21.exf6 Nb3+ 
22.cxb3 Qc8+ 23.Kb1 f4 24.Bf2 Nd7 25.h4 Rg8 26.hxg5 hxg5 27.Rd6 Kf8 28.
Rxe6 fxe6 29.Qxe6 1-0

[Event "20th EUR-ch"]
[Site "Skopje MKD"]
[Date "2019.03.21"]
[Round "4"]
[White "Sivuk, Vitaly"]
[Black "Nisipeanu, Liviu-Dieter"]
[Result "1/2-1/2"]
[WhiteElo "2514"]
[BlackElo "2670"]
[EventDate "2019.03.18"]
[Board "35"]
[PlyCount "54"]

1.c4 Nf6 2.Nc3 c5 3.Nf3 e6 4.g3 b6 5.Bg2 Bb7 6.O-O d6 7.d4 cxd4 8.Qxd4 a6 
9.Rd1 Nbd7 10.b3 Be7 11.e4 Qc8 12.Bb2 O-O 13.Rac1 Re8 14.h3 Qc7 15.Qe3 
Rac8 16.Nd4 Qb8 17.Re1 Bf8 18.Rcd1 h5 19.Re2 Ba8 20.Kh1 Nc5 21.f4 g6 22.e5
dxe5 23.fxe5 Nh7 24.Bxa8 Qxa8+ 25.Qf3 Rc7 26.Qxa8 Rxa8 27.Nf3 Be7 1/2-1/2

[Event "20th EUR-ch"]
[Site "Skopje MKD"]
[Date "2019.03.21"]
[Round "4"]
[White "Ponomariov, Ruslan"]
[Black "Blagojevic, Dragisa"]
[Result "1-0"]
[WhiteElo "2667"]
[BlackElo "2498"]
[EventDate "2019.03.18"]
[Board "36"]
[PlyCount "53"]

1.e4 e5 2.Nf3 Nc6 3.Bb5 a6 4.Ba4 Nf6 5.O-O Be7 6.Re1 d6 7.c3 Bg4 8.d3 Nd7 
9.Nbd2 Nc5 10.h3 Bh5 11.Bxc6+ bxc6 12.d4 Nd3 13.Re3 Nxc1 14.Qa4 Qd7 15.
Rxc1 f6 16.Rd3 exd4 17.cxd4 d5 18.Rxc6 dxe4 19.Nxe4 Bf7 20.Nc5 Bxc5 21.
dxc5 Qxd3 22.Rxf6+ Kf8 23.Rxf7+ Kg8 24.Qc6 Qb1+ 25.Kh2 Kxf7 26.Ng5+ Ke7 
27.Qe6+ 1-0

[Event "20th EUR-ch"]
[Site "Skopje MKD"]
[Date "2019.03.21"]
[Round "4"]
[White "Dreev, Alexei"]
[Black "Neverov, Valeriy"]
[Result "1-0"]
[WhiteElo "2662"]
[BlackElo "2496"]
[EventDate "2019.03.18"]
[Board "37"]
[PlyCount "71"]

1.d4 d5 2.c4 e6 3.Nc3 Nf6 4.Nf3 Be7 5.Bf4 O-O 6.a3 b6 7.Qc2 c5 8.Rd1 Bb7 
9.cxd5 exd5 10.g3 c4 11.Bg2 a6 12.Ng5 h6 13.h4 b5 14.Be5 g6 15.h5 Nxh5 16.
Ne6 Qd7 17.Nxf8 Bxf8 18.g4 Ng7 19.Rxh6 Qxg4 20.Nxd5 Nd7 21.Ne3 Qg5 22.Bxb7
Ra7 23.Rh1 Rxb7 24.Qe4 Rb6 25.Qg4 Qxg4 26.Nxg4 Nh5 27.Bc7 Rc6 28.Ba5 c3 
29.Bxc3 Bxa3 30.d5 Rc8 31.Ra1 Bf8 32.e3 f5 33.Ne5 Rxc3 34.Nxd7 Rc2 35.Nxf8
Kxf8 36.Rh4 1-0

[Event "20th EUR-ch"]
[Site "Skopje MKD"]
[Date "2019.03.21"]
[Round "4"]
[White "Goryachkina, Aleksandra"]
[Black "Edouard, Romain"]
[Result "1/2-1/2"]
[WhiteElo "2504"]
[BlackElo "2658"]
[EventDate "2019.03.18"]
[Board "38"]
[PlyCount "38"]

1.d4 e6 2.c4 Bb4+ 3.Bd2 a5 4.e4 d5 5.a3 Bxd2+ 6.Nxd2 dxe4 7.Nxe4 Nf6 8.Nc3
O-O 9.Be2 Na6 10.Nf3 c5 11.O-O Qb6 12.Na4 Qc7 13.Nxc5 Nxc5 14.dxc5 Qxc5 
15.Qd4 Qxd4 16.Nxd4 a4 17.f4 Bd7 18.Bf3 Rac8 19.Rac1 Rc7 1/2-1/2

[Event "20th EUR-ch"]
[Site "Skopje MKD"]
[Date "2019.03.21"]
[Round "4"]
[White "Kovalenko, Igor"]
[Black "Matvyishen, Viktor"]
[Result "1-0"]
[WhiteElo "2658"]
[BlackElo "2490"]
[EventDate "2019.03.18"]
[Board "39"]
[PlyCount "91"]

1.c4 Nf6 2.Nf3 c5 3.Nc3 Nc6 4.g3 d5 5.cxd5 Nxd5 6.Bg2 Nc7 7.d3 e5 8.Nd2 
Bd7 9.Nc4 b5 10.Ne3 Rb8 11.O-O Bd6 12.a4 a6 13.axb5 axb5 14.Ne4 Be7 15.f4 
exf4 16.Rxf4 O-O 17.Nf5 Bxf5 18.Rxf5 Nd4 19.Rf1 f5 20.Nc3 b4 21.Na4 b3 22.
Nc3 Nc2 23.Ra4 Rb4 24.e3 Bg5 25.Qf3 Rxa4 26.Nxa4 Qe7 27.Qb7 Nb4 28.Kh1 Qd6
29.Bd2 Nxd3 30.Qxb3+ Kh8 31.Ba5 Ne6 32.Bd5 Qa6 33.Qb6 Qxb6 34.Bxb6 Rf6 35.
e4 f4 36.Bc4 fxg3 37.Bxd3 g2+ 38.Kxg2 Nf4+ 39.Rxf4 Bxf4 40.Bxc5 Rg6+ 41.
Kh1 Rh6 42.Bg1 Rd6 43.Nc5 g5 44.h3 Kg7 45.Kg2 Kf7 46.Bc4+ 1-0

[Event "20th EUR-ch"]
[Site "Skopje MKD"]
[Date "2019.03.21"]
[Round "4"]
[White "Enchev, Ivajlo"]
[Black "Parligras, Mircea-Emilian"]
[Result "1/2-1/2"]
[WhiteElo "2490"]
[BlackElo "2657"]
[EventDate "2019.03.18"]
[Board "40"]
[PlyCount "67"]

1.d4 Nf6 2.c4 e6 3.Nf3 d5 4.g3 Bb4+ 5.Bd2 Bd6 6.Bg2 c6 7.Qc2 O-O 8.O-O 
Nbd7 9.Bg5 h6 10.Bxf6 Nxf6 11.Nbd2 b6 12.e4 Be7 13.e5 Nd7 14.cxd5 cxd5 15.
Rfc1 Nb8 16.Bf1 Bd7 17.a3 a5 18.Nb1 b5 19.Nc3 b4 20.Na4 Na6 21.Bxa6 Bxa4 
22.Qxa4 Rxa6 23.Rc2 bxa3 24.bxa3 Qe8 25.Qb3 Qb8 26.Qa4 Rc8 27.Rac1 Rxc2 
28.Rxc2 Ra8 29.Rc3 Qe8 30.Qc2 a4 31.Ne1 Qb5 32.Nd3 Rb8 33.Kg2 Bf8 34.h4 
1/2-1/2

[Event "20th EUR-ch"]
[Site "Skopje MKD"]
[Date "2019.03.21"]
[Round "4"]
[White "Sadikhov, Ulvi"]
[Black "Anton Guijarro, David"]
[Result "0-1"]
[WhiteElo "2488"]
[BlackElo "2643"]
[EventDate "2019.03.18"]
[Board "41"]
[PlyCount "96"]

1.e4 e5 2.Nf3 Nc6 3.Bb5 a6 4.Ba4 Nf6 5.Nc3 Bc5 6.d3 d6 7.Nd5 Nxd5 8.exd5 
b5 9.dxc6 bxa4 10.c3 a3 11.b4 Bb6 12.Be3 Rb8 13.d4 e4 14.Ng5 O-O 15.Qh5 h6
16.Nh3 Ba7 17.Nf4 Rb5 18.Qd1 d5 19.h4 Qd6 20.Qa4 Qxc6 21.Qxa3 Qd6 22.Qc1 
Bg4 23.a3 c6 24.Ne2 Qf6 25.Bf4 a5 26.Be5 Qe6 27.Qe3 Bxe2 28.Qxe2 Bb8 29.
Bxb8 Rbxb8 30.O-O Ra8 31.Rfb1 f5 32.f4 Ra7 33.h5 Rfa8 34.b5 cxb5 35.Rxb5 
Rc7 36.Qe3 Rac8 37.Rc1 a4 38.Rb4 Rc4 39.Rb7 Qc6 40.Ra7 Qb6 41.Rd7 Qb2 42.
Qe1 Rxc3 43.Rxc3 Qxc3 44.Qxc3 Rxc3 45.Rxd5 Rxa3 46.Rxf5 Ra1+ 47.Kf2 a3 48.
Ra5 a2 0-1

[Event "20th EUR-ch"]
[Site "Skopje MKD"]
[Date "2019.03.21"]
[Round "4"]
[White "Sargsian, Shant"]
[Black "Hovhannisian, Robert"]
[Result "0-1"]
[WhiteElo "2488"]
[BlackElo "2634"]
[EventDate "2019.03.18"]
[Board "42"]
[PlyCount "178"]

1.d4 d5 2.c4 c6 3.cxd5 cxd5 4.Bf4 Nc6 5.e3 Nf6 6.Nc3 Bf5 7.Qb3 Na5 8.Qa4+ 
Bd7 9.Qc2 e6 10.Bd3 Nh5 11.Be5 Nc6 12.Qe2 Nxe5 13.dxe5 g6 14.Nf3 Bb4 15.
O-O O-O 16.a3 Ba5 17.Nb5 Bxb5 18.Bxb5 a6 19.Ba4 Rc8 20.Rfd1 Qc7 21.b4 Bb6 
22.Qe1 Ng7 23.Rac1 Qb8 24.e4 dxe4 25.Qxe4 Qa7 26.Rc2 Nf5 27.g4 Rxc2 28.
Qxc2 Nd4 29.Qe4 Rd8 30.Ng5 Qb8 31.Kg2 h6 32.Nf3 Nxf3 33.Qxf3 Rxd1 34.Bxd1 
Qxe5 35.Qxb7 Bc7 36.Qxa6 Qxh2+ 37.Kf1 Qh3+ 38.Ke1 Qc3+ 39.Kf1 Qh3+ 40.Ke1 
Qh1+ 41.Ke2 Qe4+ 42.Kf1 Be5 43.Qc8+ Kg7 44.Qc2 Qh1+ 45.Ke2 h5 46.gxh5 
Qxh5+ 47.Ke1 Qh1+ 48.Ke2 Qh5+ 49.Ke1 Qh3 50.Qb3 Bc3+ 51.Ke2 g5 52.b5 g4 
53.b6 Qf3+ 54.Kf1 Qh1+ 55.Ke2 Ba5 56.Kd3 Bxb6 57.Bxg4 Qf1+ 58.Be2 Qxf2 59.
Qc3+ f6 60.Qc4 Qe3+ 61.Kc2 Bd4 62.Qc7+ Kg6 63.Bd3+ f5 64.Qd8 Bf6 65.Qg8+ 
Kh6 66.Qg2 Qc5+ 67.Kd1 Qxa3 68.Qh3+ Kg7 69.Ke2 Qb2+ 70.Kf1 Qc1+ 71.Ke2 Qc5
72.Qg2+ Kf7 73.Qh2 Kg6 74.Qb8 Qd5 75.Qe8+ Kg7 76.Qb5 Qg2+ 77.Kd1 Qf3+ 78.
Kc2 e5 79.Bc4 e4 80.Qd5 Kh6 81.Qd2+ Kg6 82.Qd5 Kg5 83.Qd2+ Kg6 84.Qd5 Qf2+
85.Kd1 Kg5 86.Qc6 Qd4+ 87.Ke2 f4 88.Qb5+ Kh4 89.Kf1 Qd1+ 0-1

[Event "20th EUR-ch"]
[Site "Skopje MKD"]
[Date "2019.03.21"]
[Round "4"]
[White "Fridman, Daniel"]
[Black "Plenca, Jadranko"]
[Result "1-0"]
[WhiteElo "2633"]
[BlackElo "2487"]
[EventDate "2019.03.18"]
[Board "43"]
[PlyCount "97"]

1.d4 d5 2.c4 e6 3.Nc3 Be7 4.cxd5 exd5 5.Bf4 Nf6 6.e3 O-O 7.Bd3 c5 8.dxc5 
Bxc5 9.Nge2 Nc6 10.O-O d4 11.exd4 Nxd4 12.Nxd4 Bxd4 13.Nb5 Bb6 14.Nd6 Bg4 
15.Be2 Bxe2 16.Qxe2 Nd5 17.Bg3 Qf6 18.Qe4 Ne7 19.Qxb7 Ng6 20.Nc4 Bd4 21.
Rad1 Rad8 22.Rd2 Rfe8 23.Qf3 Qxf3 24.gxf3 Bc5 25.Rfd1 Rc8 26.Kg2 h5 27.b3 
h4 28.Nd6 hxg3 29.Nxc8 Rxc8 30.Rd8+ Rxd8 31.Rxd8+ Nf8 32.fxg3 f6 33.Rc8 
Bd6 34.Ra8 Bc5 35.b4 Bd4 36.Rb8 f5 37.Rd8 Bb6 38.Rd5 g6 39.a4 Kf7 40.a5 
Be3 41.Rd3 f4 42.b5 Ke7 43.b6 axb6 44.a6 Ne6 45.a7 Nc7 46.gxf4 Bc5 47.Rd5 
Na8 48.h4 Nc7 49.f5 1-0

[Event "20th EUR-ch"]
[Site "Skopje MKD"]
[Date "2019.03.21"]
[Round "4"]
[White "Ivic, Velimir"]
[Black "Lagarde, Maxime"]
[Result "1-0"]
[WhiteElo "2487"]
[BlackElo "2631"]
[EventDate "2019.03.18"]
[Board "44"]
[PlyCount "57"]

1.e4 c5 2.Nf3 Nc6 3.d4 cxd4 4.Nxd4 Nf6 5.Nc3 d6 6.Bg5 e6 7.Qd2 a6 8.O-O-O 
Bd7 9.f3 Nxd4 10.Qxd4 Be7 11.Kb1 Qc7 12.g4 b5 13.h4 Rb8 14.Be3 O-O 15.h5 
b4 16.Ne2 e5 17.Qd2 Be6 18.g5 Nd7 19.Ng3 Nc5 20.Nf5 Rfd8 21.g6 Na4 22.
Nxe7+ Qxe7 23.Ka1 d5 24.h6 hxg6 25.hxg7 f6 26.Rh8+ Kxg7 27.Bc5 Rxh8 28.
Bxe7 d4 29.f4 1-0

[Event "20th EUR-ch"]
[Site "Skopje MKD"]
[Date "2019.03.21"]
[Round "4"]
[White "Zajic, Milan"]
[Black "Movsesian, Sergei"]
[Result "1/2-1/2"]
[WhiteElo "2485"]
[BlackElo "2627"]
[EventDate "2019.03.18"]
[Board "45"]
[PlyCount "25"]

1.d4 Nf6 2.Nf3 g6 3.Bf4 Bg7 4.c3 d6 5.h3 O-O 6.e3 c5 7.dxc5 dxc5 8.Qxd8 
Rxd8 9.Nbd2 Nc6 10.Bc7 Rf8 11.Bh2 Bf5 12.g4 Bd7 13.Bg2 1/2-1/2

[Event "20th EUR-ch"]
[Site "Skopje MKD"]
[Date "2019.03.21"]
[Round "4"]
[White "Sarana, Alexei"]
[Black "Fakhrutdinov, Timur"]
[Result "1-0"]
[WhiteElo "2625"]
[BlackElo "2485"]
[EventDate "2019.03.18"]
[Board "46"]
[PlyCount "69"]

1.d4 Nf6 2.Nf3 d5 3.c4 e6 4.Nc3 dxc4 5.e4 Bb4 6.Bg5 c5 7.Bxc4 cxd4 8.Nxd4 
Bxc3+ 9.bxc3 Qa5 10.Bb5+ Bd7 11.Bxf6 gxf6 12.Bxd7+ Nxd7 13.O-O a6 14.Rb1 
Qc7 15.Qh5 Nc5 16.Qh6 Qe5 17.Rb4 O-O-O 18.Rc4 Kb8 19.Nf3 Qc7 20.Qxf6 Nd7 
21.Qd4 e5 22.Qd5 Nb6 23.Rxc7 Nxd5 24.Rxf7 Nxc3 25.Nxe5 Rd2 26.Nd7+ Ka7 27.
e5 Rd8 28.e6 Re8 29.Nf8 Rxa2 30.f4 a5 31.f5 a4 32.Nd7 Ne4 33.Rxh7 Rg8 34.
g3 Rc8 35.e7 1-0

[Event "20th EUR-ch"]
[Site "Skopje MKD"]
[Date "2019.03.21"]
[Round "4"]
[White "Radovanovic, Mihajlo"]
[Black "Jobava, Baadur"]
[Result "0-1"]
[WhiteElo "2483"]
[BlackElo "2622"]
[EventDate "2019.03.18"]
[Board "47"]
[PlyCount "68"]

1.d4 Nf6 2.Nf3 e6 3.c4 b6 4.a3 Bb7 5.Nc3 Ne4 6.Nxe4 Bxe4 7.e3 Bb7 8.Bd3 c5
9.O-O Be7 10.Bc2 d6 11.d5 exd5 12.cxd5 Nd7 13.e4 O-O 14.Bf4 Re8 15.Qd2 b5 
16.Rad1 Nb6 17.Rfe1 Bf8 18.h4 Nc4 19.Qc1 Qf6 20.b3 Nxa3 21.e5 dxe5 22.Bxe5
Qa6 23.Be4 c4 24.Qf4 f6 25.Bb2 cxb3 26.Ra1 b4 27.h5 Qd6 28.Qg4 Nc2 29.
Bxh7+ Kxh7 30.Qg6+ Kg8 31.Rxe8 Rxe8 32.Rxa7 Re7 33.h6 Bxd5 34.Rxe7 Qxe7 
0-1

[Event "20th EUR-ch"]
[Site "Skopje MKD"]
[Date "2019.03.21"]
[Round "4"]
[White "Diermair, Andreas"]
[Black "Van Foreest, Jorden"]
[Result "1/2-1/2"]
[WhiteElo "2478"]
[BlackElo "2621"]
[EventDate "2019.03.18"]
[Board "48"]
[PlyCount "101"]

1.d4 Nf6 2.c4 g6 3.Nc3 d5 4.Nf3 Bg7 5.h4 dxc4 6.e4 c5 7.d5 b5 8.h5 O-O 9.
hxg6 fxg6 10.Rh4 Nbd7 11.Nxb5 Ne8 12.Nc3 Nd6 13.Bh6 Bf6 14.Rh1 Rb8 15.Qd2 
Ne5 16.Ng5 Re8 17.f4 Ng4 18.e5 Nf5 19.O-O-O Nfxh6 20.exf6 exf6 21.Nge4 Bf5
22.Nxc5 Qb6 23.Ne6 Ne3 24.Rxh6 Bc2 25.Qxe3 Qxe3+ 26.Kxc2 Qb6 27.Rb1 Rxe6 
28.dxe6 Qxe6 29.g4 Kg7 30.Rh4 Qe3 31.Be2 Rd8 32.Rd1 Rxd1 33.Kxd1 Qxf4 34.
Rh1 f5 35.gxf5 Qxf5 36.Rf1 Qe6 37.Kc2 g5 38.Rg1 Qf5+ 39.Kd1 Kg6 40.Rg4 h5 
41.Rxc4 Qd7+ 42.Kc2 g4 43.Bd3+ Kh6 44.Ne4 Qe6 45.Rc7 Qe5 46.Rc6+ Kg7 47.
Rc5 Qh2+ 48.Kc3 Kh6 49.Rc6+ Kg7 50.Rc5 Kh6 51.Rc6+ 1/2-1/2

[Event "20th EUR-ch"]
[Site "Skopje MKD"]
[Date "2019.03.21"]
[Round "4"]
[White "Indjic, Aleksandar"]
[Black "Livaic, Leon"]
[Result "1/2-1/2"]
[WhiteElo "2620"]
[BlackElo "2477"]
[EventDate "2019.03.18"]
[Board "49"]
[PlyCount "102"]

1.d4 e6 2.Bf4 Nf6 3.e3 d5 4.c3 Bd6 5.Nd2 b6 6.Ngf3 Bb7 7.Ne5 O-O 8.Bd3 
Nbd7 9.Qf3 Bxe5 10.Bxe5 Nxe5 11.dxe5 Nd7 12.Qh3 g6 13.f4 Qe7 14.Qg3 f6 15.
O-O-O fxe5 16.fxe5 Nc5 17.Nf3 Ne4 18.Bxe4 dxe4 19.Ng5 Rf5 20.h4 Bd5 21.Rd4
c5 22.Rd2 Qg7 23.Rhd1 b5 24.Rf2 Raf8 25.Rxf5 Rxf5 26.Nh3 Bxa2 27.Rd8+ Rf8 
28.Rxf8+ Qxf8 29.Nf2 Qf5 30.b4 cxb4 31.cxb4 Bd5 32.Kc2 Qf8 33.Ng4 Qxb4 34.
Nf6+ Kf7 35.Nxd5 Qc4+ 36.Nc3 b4 37.Qf4+ Kg8 38.Qf6 Qxc3+ 39.Kb1 Qd3+ 40.
Kb2 Qc3+ 41.Kb1 Qb3+ 42.Ka1 Qa4+ 43.Kb2 Qe8 44.Kb3 a5 45.g4 Qd7 46.g5 Qd5+
47.Ka4 b3 48.Qe7 Qc4+ 49.Ka3 Qc1+ 50.Ka4 Qc4+ 51.Ka3 Qc1+ 1/2-1/2

[Event "20th EUR-ch"]
[Site "Skopje MKD"]
[Date "2019.03.21"]
[Round "4"]
[White "Pavlov, Sergey"]
[Black "Postny, Evgeny"]
[Result "1/2-1/2"]
[WhiteElo "2471"]
[BlackElo "2619"]
[EventDate "2019.03.18"]
[Board "50"]
[PlyCount "56"]

1.c4 Nf6 2.Nc3 e5 3.Nf3 Nc6 4.e3 Bb4 5.Qc2 O-O 6.Nd5 Re8 7.Qf5 d6 8.Nxf6+ 
Qxf6 9.Qxf6 gxf6 10.a3 Bc5 11.b4 Bb6 12.Bb2 a5 13.b5 Nd8 14.a4 Ne6 15.Be2 
c6 16.O-O Bd7 17.Rfd1 cxb5 18.axb5 d5 19.d4 dxc4 20.Bxc4 exd4 21.Nxd4 Nxd4
22.Bxd4 Bxd4 23.Rxd4 Be6 24.g3 Bxc4 25.Rxc4 Re5 26.Rb1 a4 27.Ra1 a3 28.Rc3
Rxb5 1/2-1/2

[Event "20th EUR-ch"]
[Site "Skopje MKD"]
[Date "2019.03.21"]
[Round "4"]
[White "Blubaum, Matthias"]
[Black "Firat, Burak"]
[Result "1-0"]
[WhiteElo "2616"]
[BlackElo "2468"]
[EventDate "2019.03.18"]
[Board "51"]
[PlyCount "81"]

1.Nf3 d5 2.d4 Nf6 3.c4 e6 4.Nc3 dxc4 5.e4 b5 6.e5 Nd5 7.Nxb5 Nb6 8.Be2 Be7
9.O-O O-O 10.Nc3 Bb7 11.Qd2 Na6 12.Qf4 f5 13.exf6 Rxf6 14.Qe5 Rg6 15.Bf4 
Bd6 16.Qe3 Nb4 17.Qd2 Bxf4 18.Qxf4 Nd3 19.Bxd3 cxd3 20.Ne4 Nd5 21.Qe5 Nb4 
22.Rad1 Nxa2 23.Rxd3 Ba6 24.Nc5 Bxd3 25.Nxd3 a5 26.Qe4 Nb4 27.Nde5 Rh6 28.
Ng4 Rg6 29.Nh4 Rxg4 30.Qxe6+ Kh8 31.Qxg4 Qf6 32.Nf3 Re8 33.Qh5 Ra8 34.Re1 
h6 35.h4 Kg8 36.Re5 Qf7 37.Qg4 Rb8 38.Rf5 Qc4 39.Ne5 Qc1+ 40.Kh2 Re8 41.
Rf7 1-0

[Event "20th EUR-ch"]
[Site "Skopje MKD"]
[Date "2019.03.21"]
[Round "4"]
[White "Grinberg, Eyal"]
[Black "Martirosian, Haik"]
[Result "1-0"]
[WhiteElo "2467"]
[BlackElo "2616"]
[EventDate "2019.03.18"]
[Board "52"]
[PlyCount "107"]

1.e4 e5 2.Nf3 Nc6 3.Bb5 Nf6 4.d3 d6 5.c3 g6 6.O-O Bg7 7.Re1 O-O 8.h3 Bd7 
9.d4 Qe8 10.Na3 a6 11.Bd3 Nh5 12.dxe5 Nxe5 13.Nxe5 dxe5 14.Nc4 Be6 15.b3 
Rd8 16.Qc2 Qe7 17.Bf1 Nf4 18.Ba3 Qg5 19.Bxf8 Nxh3+ 20.Kh2 Bxc4 21.Be7 Qxe7
22.Bxc4 Nf4 23.Rad1 Rf8 24.g3 Nh5 25.b4 Nf6 26.Kg2 Ne8 27.Bd3 h5 28.Rh1 
Bf6 29.Qe2 Kg7 30.Bc2 Nd6 31.c4 Rc8 32.Qd3 Qf8 33.a4 a5 34.c5 Ne8 35.Qb5 
Be7 36.Qxa5 b6 37.Qa6 Nf6 38.Qc4 bxc5 39.b5 Ra8 40.Qc3 Bd6 41.a5 c4 42.a6 
c6 43.bxc6 Rxa6 44.Qxc4 Ra7 45.Ba4 Bc7 46.Ra1 Ra8 47.Bb3 Rb8 48.Ra7 Ne8 
49.Rd1 Nd6 50.Rxd6 Qxd6 51.Qxf7+ Kh6 52.Rxc7 Rxb3 53.Qxb3 Qxc7 54.Qb7 1-0

[Event "20th EUR-ch"]
[Site "Skopje MKD"]
[Date "2019.03.21"]
[Round "4"]
[White "Oparin, Grigory"]
[Black "Gavrilescu, David"]
[Result "1/2-1/2"]
[WhiteElo "2613"]
[BlackElo "2467"]
[EventDate "2019.03.18"]
[Board "53"]
[PlyCount "55"]

1.d4 Nf6 2.c4 e6 3.Nf3 d5 4.g3 Bb4+ 5.Nbd2 dxc4 6.Bg2 b5 7.Ne5 Nd5 8.O-O 
O-O 9.a3 Be7 10.b3 cxb3 11.Qxb3 c5 12.dxc5 Bxc5 13.Bb2 Bb7 14.Ne4 Be7 15.
Rfd1 Nc6 16.Nxc6 Bxc6 17.Nc3 Qb6 18.Bxd5 Bxd5 19.Nxd5 exd5 20.Rxd5 Rab8 
21.Rad1 Rfd8 22.Bd4 Qa6 23.Be5 Rbc8 24.e4 h6 25.Kg2 Re8 26.R1d3 Rc4 27.Rf3
Qc6 28.Qxb5 1/2-1/2

[Event "20th EUR-ch"]
[Site "Skopje MKD"]
[Date "2019.03.21"]
[Round "4"]
[White "Repka, Christopher"]
[Black "Lupulescu, Constantin"]
[Result "1/2-1/2"]
[WhiteElo "2466"]
[BlackElo "2611"]
[EventDate "2019.03.18"]
[Board "54"]
[PlyCount "80"]

1.d4 Nf6 2.c4 e6 3.Nc3 Bb4 4.e3 O-O 5.Bd3 d5 6.Nf3 dxc4 7.Bxc4 c5 8.O-O 
Nc6 9.a3 Ba5 10.Bd3 cxd4 11.exd4 h6 12.Bc2 Bb6 13.Be3 Ne7 14.Qd3 Nf5 15.
Rad1 Bc7 16.Ne5 Bxe5 17.dxe5 Qxd3 18.Rxd3 Nd7 19.f4 b6 20.Bf2 Nc5 21.Rd2 
Ba6 22.Bxc5 bxc5 23.Bxf5 exf5 24.Rc1 Rfd8 25.Nd5 Kf8 26.Rxc5 Bb7 27.Rd1 
Rd7 28.Ne3 Rxd1+ 29.Nxd1 Rd8 30.Ne3 Be4 31.Nc4 Rd1+ 32.Kf2 g5 33.g3 Rh1 
34.Nd6 Rxh2+ 35.Ke3 gxf4+ 36.gxf4 Rh3+ 37.Ke2 Rh2+ 38.Ke1 Rh1+ 39.Kf2 Rh2+
40.Ke3 Rh3+ 1/2-1/2

[Event "20th EUR-ch"]
[Site "Skopje MKD"]
[Date "2019.03.21"]
[Round "4"]
[White "Bindrich, Falko"]
[Black "Costachi, Mihnea"]
[Result "1-0"]
[WhiteElo "2610"]
[BlackElo "2466"]
[EventDate "2019.03.18"]
[Board "55"]
[PlyCount "153"]

1.e4 e5 2.Nf3 Nc6 3.Bc4 Bc5 4.O-O d6 5.c3 Nf6 6.b4 Bb6 7.a4 a6 8.d3 h6 9.
Nbd2 O-O 10.Bb3 Be6 11.Bxe6 fxe6 12.Rb1 Ba7 13.b5 axb5 14.axb5 Nb8 15.Qb3 
Qe8 16.d4 exd4 17.Nxd4 Bxd4 18.cxd4 Nbd7 19.Ba3 Rf7 20.Rfe1 Kh8 21.Rbc1 
Nb6 22.e5 dxe5 23.Rxe5 Nfd5 24.Rce1 Nf4 25.Bc1 Qf8 26.Nf3 Nbd5 27.R5e4 Rf5
28.Ne5 Qf6 29.g4 Rxe5 30.dxe5 Qf7 31.Bxf4 Nxf4 32.Qf3 g5 33.Rd4 Ra2 34.Kh1
Kg7 35.Rc1 Nd5 36.Qxf7+ Kxf7 37.Rxc7+ Nxc7 38.Rd7+ Kg8 39.Rxc7 Rxf2 40.
Rxb7 Rb2 41.b6 Kf8 42.Kg1 Ke8 43.h3 Kd8 44.Kf1 Kc8 45.Rh7 Rxb6 46.Rxh6 Kd7
47.Rh5 Rb3 48.Kg2 Rb2+ 49.Kf3 Rb3+ 50.Ke4 Rb4+ 51.Ke3 Rb3+ 52.Ke4 Rb4+ 53.
Kd3 Rb3+ 54.Kd4 Ra3 55.Rxg5 Rxh3 56.Rg7+ Ke8 57.Ke4 Ra3 58.Kf4 Ra5 59.Rb7 
Rc5 60.g5 Rc4+ 61.Kf3 Kf8 62.g6 Rc1 63.Kg4 Rf1 64.Kh5 Re1 65.Kh6 Rh1+ 66.
Kg5 Rf1 67.Rf7+ Rxf7 68.gxf7 Kxf7 69.Kh6 Ke7 70.Kg7 Ke8 71.Kf6 Kd7 72.Kf7 
Kd8 73.Kxe6 Ke8 74.Kd6 Kd8 75.e6 Ke8 76.e7 Kf7 77.Kd7 1-0

[Event "20th EUR-ch"]
[Site "Skopje MKD"]
[Date "2019.03.21"]
[Round "4"]
[White "Zhigalko, Sergei"]
[Black "Del Rio Angelis, Salvador Gabriel"]
[Result "1-0"]
[WhiteElo "2604"]
[BlackElo "2464"]
[EventDate "2019.03.18"]
[Board "56"]
[PlyCount "91"]

1.e4 e6 2.d4 d5 3.Nd2 c5 4.Ngf3 cxd4 5.Nxd4 Nc6 6.Bb5 Bd7 7.Nxc6 Bxc6 8.
Bxc6+ bxc6 9.c4 dxe4 10.Nxe4 Qxd1+ 11.Kxd1 Nf6 12.Nxf6+ gxf6 13.Be3 Rg8 
14.g3 c5 15.Kc2 Kd7 16.Rhd1+ Kc6 17.Rd3 Be7 18.Rad1 Rgd8 19.Rxd8 Bxd8 20.
Rd3 Bc7 21.Ra3 Bb6 22.Kd1 h5 23.Ke2 Rg8 24.Rd3 Bc7 25.Ra3 Bb6 26.Bf4 f5 
27.Ke3 f6 28.Ke2 Rg4 29.Rd3 e5 30.h3 Rg6 31.Bd2 h4 32.Rf3 f4 33.gxf4 e4 
34.Ra3 f5 35.Be1 Rg1 36.f3 Bc7 37.fxe4 fxe4 38.Ra6+ Kb7 39.Rf6 Rg2+ 40.Bf2
Rh2 41.Ke3 a5 42.b3 Kc8 43.Rf7 Bd6 44.f5 Bg3 45.Bxg3 hxg3 46.Rg7 1-0

[Event "20th EUR-ch"]
[Site "Skopje MKD"]
[Date "2019.03.21"]
[Round "4"]
[White "Belyakov, Bogdan"]
[Black "Esipenko, Andrei"]
[Result "0-1"]
[WhiteElo "2464"]
[BlackElo "2603"]
[EventDate "2019.03.18"]
[Board "57"]
[PlyCount "86"]

1.e4 e5 2.Nf3 Nc6 3.Nc3 Nf6 4.d4 exd4 5.Nxd4 Bb4 6.Nxc6 bxc6 7.Bd3 O-O 8.
O-O d5 9.exd5 cxd5 10.Bg5 c6 11.Qf3 Bd6 12.Rfe1 Rb8 13.Rab1 h6 14.Bxf6 
Qxf6 15.Qxf6 gxf6 16.Ne2 c5 17.b3 Be6 18.Red1 Rfd8 19.c3 Kg7 20.Bc2 a5 21.
Rd2 f5 22.f4 h5 23.h4 Be7 24.g3 Bf6 25.Kf2 a4 26.bxa4 Rxb1 27.Bxb1 Rb8 28.
Bc2 Bd8 29.Bb3 Ba5 30.Rd1 c4 31.Bc2 Rb2 32.Rc1 Bb6+ 33.Nd4 Bxd4+ 34.cxd4 
Rxa2 35.Kg2 Bd7 36.Kh3 Bxa4 37.Bxf5 Rd2 38.g4 Rxd4 39.Kg3 Rd1 40.Rc3 Bb3 
41.Re3 d4 42.Re7 d3 43.g5 c3 0-1